| 000 | 00378nam a2200157Ia 4500 | ||
|---|---|---|---|
| 008 | 230524s9999 xx 000 0 und d | ||
| 082 |
_a658.58 _bGRE |
||
| 100 | _aS.Grewal | ||
| 245 | 0 | _aDouble Entry Book Keeping | |
| 250 | _a1ST | ||
| 260 |
_aNEW DELHI _bS.Chand _c1998 |
||
| 300 | _aVIII;695 | ||
| 500 | _aQuantity Number: 3 | ||
| 650 |
_aMiscellaneous _91877 |
||
| 942 | _cBK | ||
| 999 |
_c8708 _d8708 |
||